00787cam a22002411 4500001001300000003000400013005001700017008004100034010001700075035002000092040001800112042001200130050003000142110002600172245006200198260006600260300002700326500009800353500001700451650003100468710002900499999001700528sa 65010538 DLC20260227112209.0910124s1963 pk 000 0 eng  asa 65010538  a(OCoLC)24198385 aDLCcViUdDLC apremarc00aKNS1744.61935b.I537 19631 aIndia.tConstitution.14aThe Government of India act, 1935, as originally enacted. aKarachi :bManager of Publications, Govt. of Pakistanc[1963] axvii, 326 p. ;c26 cm. aAt head of title: Govt. of Pakistan. Ministry of Law and Parliamentary Affairs (Law Division) aCover title. 0aConstitutional lawzIndia.1 aPakistan.bLaw Division. c66819d66819